Impressions de voyage en Egypte, en Palestine et en Syrie (Février et Mars 1914) /

محفوظ في:

المؤلف الرئيسي: Pasquier (Mgr).

التنسيق: كتاب

اللغة: French

منشور في: Angers : J. Siraudeau, 1915.

الموضوعات:

الوسوم: إضافة وسم

لا توجد وسوم, كن أول من يضع وسما على هذه التسجيلة!

رقم الطلب: DS48 .P3 1915

LEADER 00674nam a2200217Ia 4500
003 OSt
005 20260428133802.0
008 211223s1915 fr 000 0 fre d
040 |c ARCE Library 
050 4 |a DS48 .P3 1915 
100 1 |a Pasquier (Mgr).  
245 1 0 |a Impressions de voyage en Egypte, en Palestine et en Syrie   |b (Février et Mars 1914) /   |c Mgr Pasquier. 
264 1 |a Angers :   |b J. Siraudeau,   |c 1915. 
300 |a 189 pages ;   |c 19 cm. 
650 1 4 |a Guidebooks. 
651 0 |a Egypt   |x Description and travel. 
651 0 |a Palestine   |x Description and travel. 
651 0 |a Syria   |x Description and travel. 
901 |a reviewed 
942 |2 lcc  |c BK 
999 |c 40974  |d 40974